00479nam a2200145Ia 4500008004100000245004800041260004500089260000900134300000900143500001300152650001300165856006300178999001900241952007300260170516s9999 xx 000 0 und d aIL 10 - Doxorubicin: The dogma and the bone bAsian Journal of Pharmaceutical Sciences c2016 a11:1 aFebruary xPharmacy uhttp://www.sciencedirect.com/science/journal/18180876/11/1 c331470d331470 001040aCLbCLd2017-05-16l0r2017-05-16 00:00:00w2017-05-16yFOJ